عرض عادي
عرض مارك
- ريد، و. كريج.
مدخل إسم شخص
001 - رقم الضبط
- حقل الضبط: 93571
003 - معرف رقم الضبط
- حقل الضبط: OSt
005 - تاريخ ووقت أخر عملية
- حقل الضبط: 20220705153713.0
008 - عناصر بيانات ثابتة الطول
- حقل تحكم ثابت الطول: 220705|| aca||aabn | a|a d
040 ## - مصدر الفهرسة
- هيئة الفهرسة الأصلية: OSt
- وكالة الكتابة: OSt
100 ## - مدخل -- أسم شخص
- إسم شخص: ريد، و. كريج.
670 ## - بيانات المصدر موجوده
- الاستشهاد بالمصدر: Work cat.: (OSt): ريد، و. كريج., الأسرار السبعة للقيادة من منظور علم الأعصاب /, 2020
